[Event "Hannover-chA"]
[Site "Lehrte"]
[Date "2012.10.21"]
[Round "4"]
[White "Burykin, Valentin"]
[Black "Graue, Rainer"]
[Result "1-0"]
[WhiteElo "1295"]
[BlackElo "1004"]
[PlyCount "55"]
[EventDate "2012.10.20"]
[EventType "swiss"]
[EventRounds "7"]
[EventCountry "GER"]
[SourceTitle "EXT 2021"]
[Source "ChessBase"]
[SourceDate "2020.10.23"]
[SourceVersion "1"]
[SourceVersionDate "2020.10.23"]
[SourceQuality "1"]

1. d4 d5 2. Nc3 e6 3. Bf4 Bd6 4. Bg3 Bxg3 5. fxg3 c6 6. e4 Nf6 7. e5 Ne4 8. Nxe4 dxe4 9. c3 b5 10. Qg4 g6 11. Qxe4 Qd5 12. Qc2 Na6 13. Nf3 h6 14. Bd3 Rg8 15. 0-0 Bb7 16. Nd2 c5 17. Ne4 0-0-0 18. Nf6 Qxg2+ 19. Qxg2 Bxg2 20. Kxg2 Rg7 21. Bxb5 Kb7 22. Ne8 Rg8 23. Nd6+ Kb6 24. Bxa6 Kxa6 25. dxc5 Rd7 26. b4 Rc7 27. a4 Rf8 28. a5 1-0

[Event "Hannover-chA"]
[Site "Lehrte"]
[Date "2012.10.20"]
[Round "1"]
[White "Schmidt, Frederik"]
[Black "Burykin, Valentin"]
[Result "1-0"]
[WhiteElo "858"]
[BlackElo "1295"]
[PlyCount "75"]
[EventDate "2012.10.20"]
[EventType "swiss"]
[EventRounds "7"]
[EventCountry "GER"]
[SourceTitle "EXT 2021"]
[Source "ChessBase"]
[SourceDate "2020.10.23"]
[SourceVersion "1"]
[SourceVersionDate "2020.10.23"]
[SourceQuality "1"]

1. f4 g6 2. e3 Bg7 3. Nf3 Nf6 4. Nc3 e6 5. d3 b6 6. Be2 Bb7 7. 0-0 h5 8. Nh4 Ng4 9. Bxg4 hxg4 10. Nxg6 fxg6 11. Qxg4 Qf6 12. Ne4 Bxe4 13. dxe4 Rh4 14. Qg3 Rh6 15. f5 gxf5 16. exf5 e5 17. e4 Rh5 18. Qg6+ Qxg6 19. fxg6 Rh8 20. Rf7 Rg8 21. Bg5 Nc6 22. Rd1 d6 23. Rxc7 Nd4 24. Re7+ Kd8 25. Rxa7+ Kc8 26. Rxa8+ Kd7 27. Rxg8 Ne6 28. Rxg7+ Nxg7 29. Bf6 Nh5 30. Bxe5 Ke6 31. Rxd6+ Kxe5 32. Rxb6 Kxe4 33. a4 Kf5 34. a5 Nf6 35. a6 Nd7 36. g7 Nxb6 37. g8Q Ke5 38. a7 1-0

[Event "Hannover-chA"]
[Site "Lehrte"]
[Date "2011.10.17"]
[Round "6"]
[White "Schimmelpfennig, Juergen"]
[Black "Burykin, Valentin"]
[Result "0-1"]
[WhiteElo "1364"]
[BlackElo "1325"]
[PlyCount "67"]
[EventDate "2011.10.15"]
[EventType "tourn"]
[EventRounds "7"]
[EventCountry "GER"]
[SourceTitle "EXT 2021"]
[Source "ChessBase"]
[SourceDate "2020.10.23"]
[SourceVersion "1"]
[SourceVersionDate "2020.10.23"]
[SourceQuality "1"]

1. e4 d6 2. d4 c6 3. Nf3 Nf6 4. Nc3 Nbd7 5. e5 dxe5 6. dxe5 Ng4 7. Bf4 Qb6 8. Qd2 h5 9. h3 Nh6 10. e6 Nf6 11. exf7+ Nxf7 12. Bc4 e6 13. 0-0 Bb4 14. Rae1 c5 15. Bxe6 Bxe6 16. Rxe6+ Qxe6 17. Re1 Ne4 18. Qd3 Rd8 19. Qb5+ Kf8 20. Rxe4 Qf6 21. Nd5 Qf5 22. Ng5 Qxd5 23. Ne6+ Kg8 24. Nxd8 Qxe4 25. Nxf7 Kxf7 26. Qd7+ Kg6 27. Qd6+ Kh7 28. c3 Ba5 29. Be3 Bb6 30. Qd1 Rd8 31. Qxh5+ Kg8 32. Qg5 Rd1+ 33. Kh2 Bc7+ 34. g3 0-1

[Event "Hannover-chA"]
[Site "Lehrte"]
[Date "2011.10.16"]
[Round "3"]
[White "Burykin, Valentin"]
[Black "Rust Bulmahn, Kornelia"]
[Result "1-0"]
[WhiteElo "1325"]
[BlackElo "925"]
[PlyCount "81"]
[EventDate "2011.10.15"]
[EventType "tourn"]
[EventRounds "7"]
[EventCountry "GER"]
[SourceTitle "EXT 2021"]
[Source "ChessBase"]
[SourceDate "2020.10.23"]
[SourceVersion "1"]
[SourceVersionDate "2020.10.23"]
[SourceQuality "1"]

1. e4 e5 2. Bc4 Nf6 3. Nc3 Bc5 4. Nf3 d6 5. d4 Bb4 6. dxe5 Bxc3+ 7. bxc3 Nxe4 8. Qd3 Bf5 9. Qd5 0-0 10. exd6 Nxd6 11. 0-0 Be4 12. Qd4 Bxf3 13. gxf3 h6 14. Bd3 f5 15. Kh1 Nc6 16. Qd5+ Kh8 17. Rg1 Qf6 18. Rb1 Ne5 19. Be2 f4 20. Bb2 c6 21. Qd4 b6 22. c4 Rae8 23. c5 Nb5 24. Bxb5 cxb5 25. cxb6 Nxf3 26. Qxf6 Rxf6 27. Bxf6 gxf6 28. Rg6 Re1+ 29. Rxe1 Nxe1 30. Rxf6 axb6 31. Rxh6+ Kg7 32. Rxb6 Nxc2 33. Rxb5 Nd4 34. Rg5+ Kf6 35. Rd5 Nf3 36. Kg2 Nh4+ 37. Kh3 Ng6 38. Rd6+ Kf5 39. Rxg6 Kxg6 40. Kg4 f3 41. a4 1-0

[Event "Hannover-chA"]
[Site "Lehrte"]
[Date "2011.10.15"]
[Round "1"]
[White "Burykin, Valentin"]
[Black "Brannys, Peter"]
[Result "0-1"]
[WhiteElo "1325"]
[BlackElo "1319"]
[PlyCount "80"]
[EventDate "2011.10.15"]
[EventType "tourn"]
[EventRounds "7"]
[EventCountry "GER"]
[SourceTitle "EXT 2021"]
[Source "ChessBase"]
[SourceDate "2020.10.23"]
[SourceVersion "1"]
[SourceVersionDate "2020.10.23"]
[SourceQuality "1"]

1. e4 e6 2. Nf3 d5 3. e5 c5 4. c3 Nc6 5. Bd3 Qb6 6. 0-0 Bd7 7. Bc2 Nge7 8. d4 cxd4 9. cxd4 Rc8 10. a3 Na5 11. Ng5 h6 12. Nh7 Nec6 13. Nxf8 Rxf8 14. b4 Nc4 15. Be3 a5 16. Ra2 axb4 17. a4 Ra8 18. Qd3 N6a5 19. Qh7 Kd8 20. Qxg7 Kc7 21. Bd3 b3 22. Re2 Bxa4 23. Bxh6 Qxd4 24. Bg6 Qg4 25. Qf6 fxg6 26. Qe7+ Bd7 27. Nc3 Rh8 28. f3 Qd4+ 29. Re3 Qb6 30. Rc1 Rxh6 31. Qg5 Qxe3+ 32. Qxe3 Nxe3 33. Nxd5+ Kd8 34. Nxe3 Rc8 35. Rb1 Rh5 36. f4 g5 37. g4 Rh3 38. Ng2 Rhc3 39. Kf2 Rc1 40. Rxb3 Nxb3 0-1

[Event "Hannover-chA"]
[Site "Lehrte"]
[Date "2010.10.09"]
[Round "2"]
[White "Loessing, Thorsten"]
[Black "Burykin, Valentin"]
[Result "1-0"]
[WhiteElo "1492"]
[BlackElo "1364"]
[PlyCount "83"]
[EventDate "2010.10.09"]
[EventType "swiss"]
[EventRounds "7"]
[EventCountry "GER"]
[SourceTitle "EXT 2021"]
[Source "ChessBase"]
[SourceDate "2020.10.23"]
[SourceVersion "1"]
[SourceVersionDate "2020.10.23"]
[SourceQuality "1"]

1. c4 e5 2. g3 Bc5 3. Bg2 d6 4. e3 Nf6 5. Nc3 c6 6. Nge2 Be6 7. d4 exd4 8. exd4 Bb6 9. b3 Qd7 10. Nf4 Bg4 11. f3 Bf5 12. Qe2+ Kd8 13. Qd2 Re8+ 14. Nfe2 Bh3 15. 0-0 h6 16. Rd1 Na6 17. a3 Nc7 18. Bxh3 Qxh3 19. Qf4 Qd7 20. c5 Ne6 21. Qh4 Bc7 22. Ne4 Qe7 23. Nxf6 gxf6 24. cxd6 Bxd6 25. Qxh6 Kc7 26. Nc3 Rh8 27. Qe3 Qd7 28. Ne4 Be7 29. Bb2 f5 30. d5 fxe4 31. dxe6 Qxe6 32. Bxh8 Rxh8 33. Qxe4 Bc5+ 34. Kh1 Qh3 35. Qf4+ Kb6 36. Rd2 Bxa3 37. b4 a5 38. bxa5+ Ka7 39. Qe3+ c5 40. Qf4 Bb4 41. Re2 f6 42. Qd6 1-0